A whale for the killing

Guardado en:
Bibliografiske detaljer
Hovedforfatter: Mowat, Farley
Format: Bog
Sprog:Undetermined
Udgivet: Toronto, Canadá McClelland and Stewart Limited 1972
Fag:
Tags: Tilføj Tag
Ingen Tags, Vær først til at tagge denne postø!

MARC

LEADER 00000nam a2200000Ia 4500
008 170316s9999 xx 000 0 und d
040 |a cru BVZT 
090 |a 818 M-25a 
100 |a Mowat, Farley 
245 2 |a A whale for the killing 
260 |a Toronto, Canadá 
260 |b McClelland and Stewart Limited 
260 |c 1972 
300 |a 214 páginas 
650 |a LITERATURA CANADIENSE 
650 |a EN IDIOMA INGLÉS 
650 |a CUENTO 
999 |c 6540  |d 6540 
942 |c 15 D  |h 818 M-25a  |2 z